| 000 | 00737cam a2200241 a 4500 | ||
|---|---|---|---|
| 001 | 000005528 | ||
| 005 | 20200929151713.0 | ||
| 008 | 950619s1995 sp b 001 1 spa | ||
| 020 | _a8437613205 | ||
| 040 |
_aDO-SdBNP _cDLC |
||
| 082 |
_a863.6 _bA973f |
||
| 100 | 1 |
_aAyala, Francisco, _d1906-2009 _94726 |
|
| 245 | 1 | 3 |
_aEl Fondo del vaso / _cFrancisco Ayala ; edición, Nelson R. Orringer. |
| 260 |
_aMadrid : _bCátedra, _c1995. |
||
| 300 |
_a251 p. ; _c18 cm. |
||
| 490 | 1 |
_aLetras hispánicas _v391 |
|
| 650 | 4 |
_aNovela española _91123 |
|
| 650 | 4 |
_aLiteratura española _9632 |
|
| 700 | 1 |
_aOrringer, Nelson R., _eed. _915636 |
|
| 830 | 0 |
_aLetras hispánicas ; _v391 _94208 |
|
| 910 | _aCatalogación por copia / LC | ||
| 910 | _aWM | ||
| 999 |
_c5327 _d5327 |
||